| 000 | 01039nam a22002537a 4500 | ||
|---|---|---|---|
| 005 | 20170124103036.0 | ||
| 010 | _aB-050330 | ||
| 020 |
_c200.00 _a8187110465 |
||
| 035 | _aB-050330 | ||
| 037 | _bCen Lib/Ret | ||
| 040 |
_aDPL _bHN |
||
| 082 |
_aक _bसमका |
||
| 245 |
_aसमकालीन भारतीय लघुकथाएं / _cसंपादक सुकेश साहनी |
||
| 246 |
_aSamkaleen bhartiya laghukathayen _bsampadak Sukesh Saahni |
||
| 260 |
_aदिल्ली _bमेधा बुक्स _c2001 |
||
| 270 |
_aएक्स-11, नवीन शाहदरा _bदिल्ली _e110032 |
||
| 300 |
_a200पृष्ठ. _c21सेमी(सजिल्द) |
||
| 650 |
_aहिंदी साहित्य _965348 |
||
| 650 |
_aहिंदी - लघु कथाएं _93597 |
||
| 650 |
_aHindi literature _965349 |
||
| 650 |
_aHindi - LITTLE stories _965350 |
||
| 700 |
_aसाहनी, सुकेश _965351 |
||
| 942 |
_2ddc _cHN _hक _mसमका |
||
| 999 |
_c116210 _d116210 |
||